|
|
|
|
| LEADER |
00000ny aa2200000n 44500 |
| 005 |
20110504115141.0 |
| 008 |
110504s20009999bl u mx i0 0 a spa d |
| 020 |
|
|
|a 9786124047282
|
| 035 |
|
|
|a 5347
|
| 040 |
|
|
|a vLex
|
| 090 |
|
|
|c 2111
|d 2111
|
| 100 |
1 |
|
|a Carbonell, Miguel
|
| 245 |
1 |
0 |
|a Para comprender los derechos.
|b Breve historia de sus momentos clave /
|c Miguel Carbonell
|h [Recurso electrn̤ico]
|
| 256 |
|
|
|a Servicio en ln̕ea.
|
| 260 |
|
|
|a Mx̌ico:
|b Palestra Editores,
|c 2010.
|
| 300 |
|
|
|a 1 recurso electrn̤ico
|
| 506 |
1 |
|
|a Contenido solo disponible en los productos indicados
|d vLex Global
|d vLex Global (Academic Edition, excluding Law Schools)
|d vLex Global (U.S. Academic Edition, Law Schools)
|d vLex Global (U.S. Academic Edition, excluding Law Schools)
|d vLex Global (Academic Edition, Law Schools)
|
| 650 |
0 |
4 |
|a Derechos civiles
|z Francia
|
| 650 |
0 |
4 |
|a Derechos civiles
|z Estados Unidos de Amřica
|
| 740 |
0 |
|
|a vLex Libros (Servicio en ln̕ea)
|
| 856 |
4 |
0 |
|u http://vlex.com/source/comprender-derechos-historia-momentos-clave-5347
|z Acceso restringido
|
| 942 |
|
|
|c BOOK
|